000 00896nam a2200241Ii 4500
003 JO-AjNU
008 230605s9999||||xx |||||||||||||| ||und||
017 _a2002/19341
020 _a977-337-132-8
040 _aJO-AjNU
_bara
_erda
_cJO-AjNU
041 _aara
050 1 4 _aHD62.15.T39.2011
100 3 _aاصدارات بميك؛ الاشراف العلمي عبدالرحمن توفيق,
_eauthor
_944107
245 0 0 _aالجودة الشاملة:الدليل المتكامل للمفاهيم والادوات
250 _aط1
264 3 1 _aالقاهرة: المنظمة العربية للتنمية الادارية،2011
300 _a420ص
336 _atext
_btxt
_2rdacontent
337 _aunmediated
_bn
_2rdamedia
338 _avolume
_bnc
_2rdacarrier
490 0 _aسلسلة اصدارات بميك؛45
650 4 _aادارة الانتاج-ضبط الجودة
_944108
999 _aA19016
_c22584
_d22584